Club les plus titré des 10 meilleurs championnat européen - Statistiques

Statistiques générales
  • Ce quiz a été pris 143 fois
  • Le résultat moyen est 27 sur 50
Statistiques - réponses
Rang Championnat Club Titre % Correct
2 Espagne FC Barcelone 27
99%
1 Espagne Real Madrid 36
99%
3 Italie AC Milan 19
98%
3 Angleterre Arsenal 13
98%
1 Allemagne Bayern Munich 33
98%
2 Italie Inter Milan 20
98%
1 Italie Juventus 36
98%
2 Angleterre Liverpool 19
98%
1 Angleterre Manchester United 20
98%
4 Angleterre Manchester City 10
96%
3 Allemagne Borussia Dortmund 8
94%
1 France Paris Saint Germain 12
94%
3 France Olympique de Marseille 9
93%
3 Espagne Atletico Madrid 11
92%
1 Pays-Bas AJAX Amsterdam 36
80%
5 Espagne Valence 6
79%
2 Portugal Porto 30
74%
1 Portugal Benfica 38
73%
2 Pays-Bas PSV Eindoven 25
72%
3 Portugal Sporting 20
71%
4 France FC Nantes 8
69%
4 France AS Monaco 8
68%
3 Pays-Bas Feyenoord Rotterdam 16
63%
1 Turquie Galatasaray 24
63%
4 Espagne Athletic Bilbao 8
61%
2 France AS Saint-Etienne 10
58%
1 Belgique Anderlecht 34
54%
3 Turquie Besiktas 16
49%
5 Italie Torino / Bologne / Pro Vercelli 7
47%
4 Allemagne Schalke 04 7
43%
5 Allemagne Hamburg SV 6
42%
5 Angleterre Everton 9
40%
1 Tchequie Sparta Prague 14
38%
2 Tchequie Slavia Prague 7
34%
4 Belgique Standard de Liege 10
34%
2 Belgique Club Brugge 19
33%
4 Italie Genoa 9
30%
2 Turquie Fenerbace 19
28%
4 Portugal Boavista 1
19%
3 Belgique Union Saint Gilloise 11
15%
3 Tchequie Viktoria Pilzen 6
13%
2 Allemagne FC Nuremberg 9
11%
4 Pays-Bas HVV La Haye 10
8%
5 Pays-Bas Sparta Rotterdam 6
8%
4 Turquie Trabzonsport 7
5%
5 Turquie Bursasport / Istanbul Basakseir 1
4%
4 Tchequie Slovan Liberec 3
3%
5 Tchequie Banik Ostrava 1
2%
5 Belgique Beerschot 7
2%
4 Portugal Belelenses 1
0%
Aucun quiz correspondant
Distribution des résultats
% des personnes avec chaque résultat
Percentile par nombre de réponses
Votre historique - résultats
Vous n’avez pas pris ce quiz